000
00276nam a2200109Ia 4500
008
230907s9999||||xx |||||||||||||| ||und||
082
_a
361.06
_b
HOU
245
0
_a
Counselling skills and theory /
260
_a
Hodder Education,
_b
Oxon :
_c
2014
300
_a
348 p.
942
_c
BK
999
_c
600932
_d
600932